Ice Spice Charting Songs (Billboard Hot 100) - Statistics

General Stats
  • This quiz has been taken 61 times
    4 since last reset
  • The average score is 6 of 10
Answer Stats
Album Weeks On Peak Artist(s) Song % Correct
Rosadita 1 Week #100 Ice Spice Big Guy
100%
Like..? (Deluxe Edition) 13 Weeks #41 Ice Spice Deli
100%
Barbie: The Album 21 Weeks #7 Nicki Minaj, Ice Spice & Aqua Barbie World
67%
Heaven Knows 21 Weeks #3 PinkPantheress & Ice Spice Boy's a Liar Pt. 2
67%
Y2K! 5 Weeks #51 Ice Spice & Central Cee Did It First
67%
Midnights 30 Weeks #2 Taylor Swift ft. Ice Spice Karma
67%
Like..? 20 Weeks #4 Ice Spice & Nicki Minaj Princess Diana
67%
Like..? 1 Week #82 Ice Spice ft. Lil Tjay Gangsta Boo
33%
Like..? 16 Weeks #58 Ice Spice In Ha Mood
33%
Y2K! 6 Weeks #37 Ice Spice Think U The Shit (Fart)
33%
No matching quizzes found
Score Distribution
Percent of People with Each Score
Percentile by Number Answered
Your Score History
You have not taken this quiz since the last reset